Olivia Benson - SVU - Statistics

General Stats
  • This quiz has been taken 93 times
  • The average score is 8 of 12
Answer Stats
Question Answer % Correct
What police unit does Olivia work in? Special Victims Unit
97%
Who was Olivia's first (police) partner? Elliot Stabler
94%
Olivia Benson is played by which actress? Mariska Hargitay
91%
Name one of the four languages Benson can speak Spanish/ Russian/ Italian / French
91%
What is the name of Olivia's son? Noah Porter-Benson
89%
Name one of Benson's love interests in the show Jeff York/ Nick Ganzer/ Andy Eckerson/ Kurt Moss/ Brian Cassidy/ David Haden/ Ed Tucker/ Burton Lowe
77%
What is Benson's blood type? A+
73%
What is the name of Olivia's half-brother? Simon
59%
What police precinct does Olivia work in? 16th
50%
For which episode (title or season/episode) did she win an Emmy ward? 911
46%
What is Olivia's middle name? Margaret
40%
When is Olivia's birthday? February 7th 1968
23%
No matching quizzes found
Score Distribution
Percent of People with Each Score
Percentile by Number Answered
Your Score History
You have not taken this quiz